000 00681nam a2200265Ia 4500
003 OSt
005 20221006152555.0
006 a|||||r|||| 00| 0
007 ta
008 221006b |||||||| |||| 00| 0 chi d
020 _a9787505941403
024 _a28,913
037 _bGift, PRC
_cTextual
040 _aEASL
_cEASL
_bchi
041 _2chi
_achi
082 _aJ451, P3
100 _aLIU Meng
_9660973
245 0 _aZhucha yupin ming
260 _aBeijing
_bZhongguo wen lian chu banshi China
_c2003
300 _a303p.
_ccm.
490 _v CL
650 _aCL
_9642733
942 _hJ451, P3
_cTEXL
_2CC
999 _c1096999
_d1096999